Countries with 6-letter names - Statistics

General Stats
  • This quiz has been taken 308 times
  • The average score is 24 of 32
Answer Stats
Country % Correct
Russia
83%
France
80%
Greece
80%
Sweden
80%
Gambia
78%
Panama
78%
Canada
77%
Poland
77%
Rwanda
77%
Brazil
76%
Serbia
75%
Turkey
75%
Zambia
75%
Bhutan
74%
Cyprus
74%
Israel
74%
Jordan
74%
Latvia
74%
Mexico
74%
Norway
74%
Tuvalu
74%
Guinea
71%
Monaco
71%
Belize
70%
Kosovo
70%
Taiwan
70%
Uganda
70%
Brunei
68%
Guyana
67%
Angola
66%
Kuwait
64%
Malawi
64%
No matching quizzes found
Score Distribution
Percent of People with Each Score
Percentile by Number Answered
Your Score History
You have not taken this quiz